| 000 | 00649nam a22001937a 4500 | ||
|---|---|---|---|
| 005 | 20251108164316.0 | ||
| 008 | 250721s1986 xx 000 0 ara d | ||
| 082 | 1 | 4 | _a355.3432/ويس |
| 100 | 1 | _aويست، نايجل | |
| 245 | 1 | 0 |
_aخيط الخداع : _bأساطير التجسس للحرب العالمية الثانية / |
| 264 | 1 |
_aبغداد : _bوزارة الثقافة والإعلام، _c1986. |
|
| 300 | _a221ص | ||
| 490 | 0 | _aالمائة كتاب | |
| 650 | 1 | 7 | _aالجواسيس |
| 650 | 1 | 7 | _aالحرب العالمية 1939-1945 |
| 700 | 1 |
_aمظفر، نمير عباس _eترجمة |
|
| 942 |
_2ddc _cBK |
||
| 999 |
_c8946 _d8946 |
||